000 00286 a2200133 4500
001 194778
040 _cMagnum
100 _aAlencar, José de
240 1 0 _aO que é o casamento?
_lpor
245 1 0 _aO que é o casamento?
300 _a108
697 _aLITERATURA GERAL
942 _cBK
999 _c194778
_d194778